| 000 | 00831cam a22002413a 4500 | ||
|---|---|---|---|
| 001 | 13542197 | ||
| 003 | OSt | ||
| 005 | 20151115020003.0 | ||
| 008 | 040329s1996 nju 000 0 eng | ||
| 010 | _a 2004270303 | ||
| 020 | _a1582840024 (pbk.) | ||
| 040 |
_aDLC _cDLC _dDLC |
||
| 050 | 0 | 0 | _aMLCM 2006/11024 |
| 100 | 1 |
_aSilver, Farvey F. _95909 |
|
| 245 | 1 | 0 |
_aTeaching styles and strategies : _binterventions to enrich instructional decision-making / _cby Harvey F. Silver ... [et al.]. |
| 250 | _a3rd ed. | ||
| 260 |
_aTrenton, N.J. : _bThoughtful Education Press, _c1998. |
||
| 300 |
_a264 p. ; _c28 cm. |
||
| 440 | 0 |
_aUnity in diversity series ; _vmanual 2 _95910 |
|
| 906 |
_a7 _bcbc _corignew _d3 _encip _f20 _gy-gencatlg |
||
| 942 |
_2lcc _cART _01 |
||
| 999 |
_c51640 _d51614 |
||